<?xml version="1.0" encoding="UTF-8"?><?xml-stylesheet type="text/xsl" href="static/style.xsl"?><OAI-PMH xmlns="http://www.openarchives.org/OAI/2.0/" xmlns:xsi="http://www.w3.org/2001/XMLSchema-instance" xsi:schemaLocation="http://www.openarchives.org/OAI/2.0/ http://www.openarchives.org/OAI/2.0/OAI-PMH.xsd"><responseDate>2026-04-17T06:03:51Z</responseDate><request verb="GetRecord" identifier="oai:www.recercat.cat:2445/178273" metadataPrefix="marc">https://recercat.cat/oai/request</request><GetRecord><record><header><identifier>oai:recercat.cat:2445/178273</identifier><datestamp>2025-12-05T13:20:04Z</datestamp><setSpec>com_2072_1057</setSpec><setSpec>col_2072_478798</setSpec><setSpec>col_2072_478917</setSpec></header><metadata><record xmlns="http://www.loc.gov/MARC21/slim" xmlns:dcterms="http://purl.org/dc/terms/" xmlns:xsi="http://www.w3.org/2001/XMLSchema-instance" xmlns:doc="http://www.lyncode.com/xoai" xsi:schemaLocation="http://www.loc.gov/MARC21/slim http://www.loc.gov/standards/marcxml/schema/MARC21slim.xsd">
   <leader>00925njm 22002777a 4500</leader>
   <datafield ind2=" " ind1=" " tag="042">
      <subfield code="a">dc</subfield>
   </datafield>
   <datafield ind2=" " ind1=" " tag="720">
      <subfield code="a">Alonso de Leciñana-Cases, María</subfield>
      <subfield code="e">author</subfield>
   </datafield>
   <datafield ind2=" " ind1=" " tag="720">
      <subfield code="a">Pérez, Germán Enrique</subfield>
      <subfield code="e">author</subfield>
   </datafield>
   <datafield ind2=" " ind1=" " tag="720">
      <subfield code="a">Díez-Tejedor, Exuperio</subfield>
      <subfield code="e">author</subfield>
   </datafield>
   <datafield ind2=" " ind1=" " tag="720">
      <subfield code="a">SIECV</subfield>
      <subfield code="e">author</subfield>
   </datafield>
   <datafield ind2=" " ind1=" " tag="260">
      <subfield code="c">2021-06-11T14:39:11Z</subfield>
   </datafield>
   <datafield ind2=" " ind1=" " tag="260">
      <subfield code="c">2021-06-11T14:39:11Z</subfield>
   </datafield>
   <datafield ind2=" " ind1=" " tag="260">
      <subfield code="c">2004-09-01</subfield>
   </datafield>
   <datafield ind2=" " ind1=" " tag="260">
      <subfield code="c">2021-06-11T14:39:11Z</subfield>
   </datafield>
   <datafield ind2=" " ind1=" " tag="520">
      <subfield code="a">Introducción: según la Organización Mundial de la Salud, la enfermedad cerebrovascular constituye la tercera causa de muerte y la primera de invalidez en la población adulta en el mundo. Sin embargo, la atención urgente del paciente con ictus, en un centro hospitalario bien dotado de medios materiales y personales (neurólogos expertos) y la aplicación de un programa protocolizado de cuidados, métodos diagnósticos y tratamiento específico (unidades o equipos de ictus) mejora significativamente la evolución de los pacientes afectados. Desarrollo: para difundir las evidencias científicas disponibles acerca del tratamiento y la prevención del ictus, un comité ad hoc de la Sociedad Iberoamericana de Enfermedad Cerebrovascular ha redactado esta guía, que recoge de manera esquemática todas las recomendaciones vigentes, con los niveles de evidencia que las respaldan y el grado de recomendación para cada caso. Conclusiones: este documento pretende servir de apoyo y guía para el tratamiento y la prevención en los pacientes con ictus en todos los países de Iberoamérica, y contribuir a lograr los medios necesarios para mejorar la atención al paciente con ictus en las distintas administraciones sanitarias.</subfield>
   </datafield>
   <datafield tag="653" ind2=" " ind1=" ">
      <subfield code="a">Planificació sanitària</subfield>
   </datafield>
   <datafield tag="653" ind2=" " ind1=" ">
      <subfield code="a">Cervell</subfield>
   </datafield>
   <datafield tag="653" ind2=" " ind1=" ">
      <subfield code="a">Neurologia</subfield>
   </datafield>
   <datafield tag="653" ind2=" " ind1=" ">
      <subfield code="a">Health planning</subfield>
   </datafield>
   <datafield tag="653" ind2=" " ind1=" ">
      <subfield code="a">Brain</subfield>
   </datafield>
   <datafield tag="653" ind2=" " ind1=" ">
      <subfield code="a">Neurology</subfield>
   </datafield>
   <datafield ind2="0" ind1="0" tag="245">
      <subfield code="a">Recomendaciones para el tratamiento y prevención del Ictus, 2004</subfield>
   </datafield>
   <datafield ind2="0" ind1="0" tag="245">
      <subfield code="a">Recommendations for stroke treatment and prevention, 2004</subfield>
   </datafield>
   <datafield ind2="0" ind1="0" tag="245">
      <subfield code="a">Recomendações para o tratamento e a prevenção do AVC, 2004</subfield>
   </datafield>
</record></metadata></record></GetRecord></OAI-PMH>